Essays on sociology and philosophy

Shranjeno v:
Bibliografske podrobnosti
Main Authors: Durkheim, Emile (Author), Bohannan, Paul (Author), Coser, Lewis A (Author), Duncan, Hugh D (Author), Hinkle, Roscoe C (Author), Honigsheim, Paul (Author), Kurauchi, Kazuta (Author), Neyer, Joseph (Author), Parsons, Talcott (Author), Peyre, Henri (Author), Pierce, Albert (Author), Richter, Melvin (Author), Salomon, Albert (Author)
Format: Knjiga
Jezik:angleščina
Izdano: Nueva York Harper & Row 1964
Serija:Researches in the Social, Cultural and Behavioral Sciences, 1151
Teme:
Oznake: Označite
Brez oznak, prvi označite!

MARC

LEADER 00000nam a2200000 a 4500
001 UCZ3308
003 CL-VaPUC
008 951020e19640000US |||||||||||||||||eng|d
082 0 4 |a 301  |b DUR  |2 21 
100 0 |a Durkheim, Emile  |e author  |9 314700 
700 0 |a Bohannan, Paul  |e author  |9 347082 
700 0 |a Coser, Lewis A  |e author  |9 347083 
700 0 |a Duncan, Hugh D  |e author  |9 347084 
700 |a Hinkle, Roscoe C  |e author  |9 376144 
700 0 |a Honigsheim, Paul  |e author  |9 347086 
700 0 |a Kurauchi, Kazuta  |e author  |9 347087 
700 0 |a Neyer, Joseph  |e author  |9 347088 
700 |a Parsons, Talcott  |e author  |9 349443 
700 0 |a Peyre, Henri  |e author  |9 347090 
700 0 |a Pierce, Albert  |e author  |9 347091 
700 0 |a Richter, Melvin  |e author  |9 347092 
700 0 |a Salomon, Albert  |e author  |9 347093 
245 1 0 |a Essays on sociology and philosophy 
300 |a 463 p 
942 |c BK 
945 |d 19951020 00:00:00  |a cmena 
260 |a Nueva York  |b Harper & Row  |c 1964 
650 0 |a Sociología   |9 255410 
650 0 |a Filosofía   |9 223554 
650 0 |a Ensayos  |9 268724 
650 0 |a Cultura  |9 269059 
650 0 |a Socialismo  |9 255260 
650 7 |a TEORIA POLITICA  |2 CL-VaPUC  |9 347094 
650 0 |a Religión   |9 255164 
650 0 |a Ética  |9 255099 
583 |a last modification  |c 19951020 00:00:00  |k Rodrigo Vera 
490 0 |a Researches in the Social, Cultural and Behavioral Sciences, 1151 
999 |c 239794  |d 239792 
952 |0 0  |1 0  |4 0  |6 301_000000000000000_DUR_1964  |7 0  |8 P  |9 251191  |a BIBEDU  |b BIBEDU  |c BIBEDU_PB  |d 2019-11-18  |i 1585266  |o 301 DUR 1964  |p 1585266  |r 2024-01-25  |w 2019-11-18  |y BK  |k FIL